[Event "Commonwealth Open 2019"]
[Site "Delhi"]
[Date "2019.07.02"]
[Round "4.2"]
[White "Thejkumar, M. S."]
[Black "Debashis, Das"]
[Result "0-1"]
[WhiteElo "2458"]
[BlackElo "2544"]
[Annotator "ChessBase"]
[PlyCount "100"]
[EventDate "2019.06.30"]
[EventType "swiss"]
[EventCountry "IND"]
[SourceTitle "playchess.com"]
[Source "ChessBase"]
[SourceQuality "1"]
[TimeControl "5400+30"]

1. d4 {[%emt 0:00:00]} Nf6 {[%emt 0:00:00]} 2. c4 {[%emt 0:00:46]} e6 {[%emt 0:00:00]} 3. Nf3 {[%emt 0:00:36]} b6 {[%emt 0:00:00]} 4. g3 {[%emt 0:00:34]} Ba6 {[%emt 0:00:00]} 5. b3 {[%emt 0:00:11]} Bb4+ {[%emt 0:00:01]} 6. Bd2 {[%emt 0:00:16]} Be7 {[%emt 0:00:05]} 7. Nc3 {[%emt 0:02:02]} d5 {[%emt 0:00:07]} 8. Ne5 {[%emt 0:05:29]} O-O {[%emt 0:00:21]} 9. Bg2 {[%emt 0:00:07]} c6 {[%emt 0:03:56]} 10. O-O {[%emt 0:00:43]} Nfd7 {[%emt 0:00:06]} 11. Nd3 {[%emt 0:01:36]} dxc4 {[%emt 0:01:28]} 12. bxc4 {[%emt 0:00:10]} Bxc4 {[%emt 0:00:24]} 13. Bf4 {[%emt 0:00:08]} a5 {[%emt 0:04:56]} 14. Rc1 {[%emt 0:10:17]} Ra7 {[%emt 0:01:35]} 15. Qd2 {[%emt 0:21:13]} b5 {[%emt 0:10:46]} 16. Rfd1 {[%emt 0:10:58]} b4 {[%emt 0:04:07]} 17. Na4 {[%emt 0:09:24]} Bb5 {[%emt 0:00:23]} 18. Qc2 {[%emt 0:00:43]} Bg5 {[%emt 0:06:10]} 19. Ne5 {[%emt 0:10:08]} Bxf4 {[%emt 0:05:53]} 20. gxf4 {[%emt 0:00:05]} Nf6 {[%emt 0:00:39]} 21. Nc5 {[%emt 0:01:56]} Nd5 {[%emt 0:02:35]} 22. e3 {[%emt 0:00:30]} Na6 {[%emt 0:13:01]} 23. a4 {[%emt 0:07:40]} bxa3 {[%emt 0:01:03]} 24. Qb3 {[%emt 0:00:08]} Nxc5 {[%emt 0:05:49]} 25. Rxc5 {[%emt 0:01:45]} a4 {[%emt 0:10:17]} 26. Qxa3 {[%emt 0:00:09]} Ra6 {[%emt 0:04:01]} 27. Ra1 {[%emt 0:09:16]} Ne7 {[%emt 0:05:21]} 28. Rcc1 {[%emt 0:01:21]} g6 {[%emt 0:02:46]} 29. Qc5 {[%emt 0:00:24]} Kg7 {[%emt 0:02:02]} 30. Ra3 {[%emt 0:00:31]} Re8 {[%emt 0:00:47]} 31. Nc4 {[%emt 0:02:16]} Nf5 {[%emt 0:01:42]} 32. Ne5 {[%emt 0:01:12]} Qh4 {[%emt 0:01:13]} 33. Qc3 {[%emt 0:01:30]} f6 {[%emt 0:01:29]} 34. Nd7 {[%emt 0:00:59]} Ra7 {[%emt 0:01:03]} 35. Nc5 {[%emt 0:00:14]} Qh5 {[%emt 0:00:34]} 36. e4 {[%emt 0:01:58]} Nh4 {[%emt 0:00:37]} 37. Qh3 {[%emt 0:00:11]} Rae7 {[%emt 0:01:46]} 38. Rg3 {[%emt 0:00:22]} Kh8 {[%emt 0:01:40]} 39. Bf1 {[%emt 0:00:38]} h6 {[%emt 0:02:25]} 40. Bg2 {[%emt 0:00:34]} g5 {[%emt 0:02:03]} 41. fxg5 {[%emt 0:00:34]} hxg5 {[%emt 0:00:30]} 42. f4 {[%emt 0:00:43]} gxf4 {[%emt 0:02:27]} 43. Rg4 {[%emt 0:00:30]} Rh7 {[%emt 0:00:03]} 44. Nd7 {[%emt 0:00:25]} Qf7 {[%emt 0:00:26]} 45. Rxh4 {[%emt 0:00:41]} Qxd7 {[%emt 0:00:04]} 46. Rxh7+ {[%emt 0:00:29]} Qxh7 {[%emt 0:00:04]} 47. Qg4 {[%emt 0:00:17]} Qh6 {[%emt 0:01:50]} 48. Rc5 {[%emt 0:00:10]} Rg8 {[%emt 0:00:26]} 49. Qf3 {[%emt 0:00:33]} Rg5 {[%emt 0:00:12]} 50. Rc2 {[%emt 0:00:36]} Qh5 {[%emt 0:00:46]} 0-1

[Event "Commonwealth Open 2019"]
[Site "Delhi"]
[Date "2019.07.02"]
[Round "4.3"]
[White "Erigaisi, Arjun"]
[Black "Shyaamnikhil, P."]
[Result "1/2-1/2"]
[WhiteElo "2526"]
[BlackElo "2434"]
[Annotator "ChessBase"]
[PlyCount "53"]
[EventDate "2019.06.30"]
[EventType "swiss"]
[EventCountry "IND"]
[SourceTitle "playchess.com"]
[Source "ChessBase"]
[SourceQuality "1"]
[TimeControl "5400+30"]

1. d4 {[%emt 0:00:00]} Nf6 {[%emt 0:00:00]} 2. c4 {[%emt 0:00:00]} e6 {[%emt 0:00:33]} 3. g3 {[%emt 0:00:00]} d5 {[%emt 0:05:07]} 4. Bg2 {[%emt 0:00:01]} dxc4 {[%emt 0:00:17]} 5. Nf3 {[%emt 0:00:09]} c5 {[%emt 0:00:04]} 6. O-O {[%emt 0:00:50]} Nc6 {[%emt 0:00:04]} 7. Qa4 {[%emt 0:00:50]} Bd7 {[%emt 0:00:53]} 8. Qxc4 {[%emt 0:00:10]} cxd4 {[%emt 0:00:18]} 9. Nxd4 {[%emt 0:01:03]} Rc8 {[%emt 0:00:09]} 10. Nc3 {[%emt 0:00:46]} Na5 {[%emt 0:09:48]} 11. Qd3 {[%emt 0:00:27]} Qb6 {[%emt 0:00:20]} 12. Bg5 {[%emt 0:28:27]} Nc4 {[%emt 0:08:17]} 13. Bxf6 {[%emt 0:27:45]} gxf6 {[%emt 0:00:53]} 14. Nb3 {[%emt 0:00:08]} Nxb2 {[%emt 0:09:19]} 15. Qf3 {[%emt 0:07:19]} f5 {[%emt 0:00:25]} 16. Rab1 {[%emt 0:01:38]} Bg7 {[%emt 0:10:45]} 17. Rxb2 {[%emt 0:01:45]} Rxc3 {[%emt 0:00:58]} 18. Qf4 {[%emt 0:01:01]} Qc7 {[%emt 0:03:31]} 19. Qd2 {[%emt 0:06:19]} O-O {[%emt 0:06:56]} 20. Nc5 {[%emt 0:06:25]} Qxc5 {[%emt 0:12:51]} 21. Qxd7 {[%emt 0:00:07]} Rc2 {[%emt 0:03:00]} 22. Rxb7 {[%emt 0:03:28]} Rxa2 {[%emt 0:00:40]} 23. Bf3 {[%emt 0:00:30]} Qd4 {[%emt 0:05:46]} 24. Rd1 {[%emt 0:00:35]} Ra1 {[%emt 0:01:23]} 25. Qxd4 {[%emt 0:00:07]} Bxd4 {[%emt 0:00:03]} 26. Rxa1 {[%emt 0:00:07]} Bxa1 {[%emt 0:00:03]} 27. Rxa7 {[%emt 0:00:07]} 1/2-1/2

[Event "Commonwealth Open 2019"]
[Site "Delhi"]
[Date "2019.07.02"]
[Round "4.4"]
[White "Tania, Sachdev"]
[Black "Swapnil, S. Dhopade"]
[Result "1/2-1/2"]
[WhiteElo "2401"]
[BlackElo "2488"]
[Annotator "ChessBase"]
[PlyCount "60"]
[EventDate "2019.06.30"]
[EventType "swiss"]
[EventCountry "IND"]
[SourceTitle "playchess.com"]
[Source "ChessBase"]
[SourceQuality "1"]
[TimeControl "5400+30"]

1. d4 {[%emt 0:03:21]} Nf6 {[%emt 0:00:00]} 2. c4 {[%emt 0:00:03]} c5 {[%emt 0:00:00]} 3. d5 {[%emt 0:00:04]} b5 {[%emt 0:00:00]} 4. cxb5 {[%emt 0:00:14]} a6 {[%emt 0:00:00]} 5. e3 {[%emt 0:00:13]} g6 {[%emt 0:00:00]} 6. Nc3 {[%emt 0:00:15]} Bg7 {[%emt 0:00:00]} 7. e4 {[%emt 0:00:27]} O-O {[%emt 0:04:45]} 8. e5 {[%emt 0:05:06]} Bb7 {[%emt 0:01:39]} 9. f4 {[%emt 0:00:51]} Ne8 {[%emt 0:05:05]} 10. Nf3 {[%emt 0:00:40]} d6 {[%emt 0:03:12]} 11. a4 {[%emt 0:00:30]} axb5 {[%emt 0:00:30]} 12. Bxb5 {[%emt 0:00:37]} Nc7 {[%emt 0:00:13]} 13. O-O {[%emt 0:30:53]} Nxb5 {[%emt 0:05:36]} 14. Nxb5 {[%emt 0:01:40]} dxe5 {[%emt 0:01:17]} 15. Nxe5 {[%emt 0:01:15]} Bxd5 {[%emt 0:02:52]} 16. Nc7 {[%emt 0:11:47]} Qxc7 {[%emt 0:01:44]} 17. Qxd5 {[%emt 0:00:03]} Na6 {[%emt 0:02:43]} 18. Be3 {[%emt 0:01:09]} e6 {[%emt 0:02:06]} 19. Qe4 {[%emt 0:00:48]} Rab8 {[%emt 0:06:00]} 20. Qc4 {[%emt 0:04:13]} Qc8 {[%emt 0:01:13]} 21. Nd3 {[%emt 0:06:58]} Rd8 {[%emt 0:22:28]} 22. Rf2 {[%emt 0:09:53]} Rd5 {[%emt 0:11:32]} 23. a5 {[%emt 0:07:41]} Qc6 24. Ne5 {[%emt 0:00:02]} Bxe5 {[%emt 0:18:37]} 25. fxe5 {[%emt 0:00:30]} Rxe5 {[%emt 0:00:05]} 26. Qc3 {[%emt 0:00:02]} Re4 {[%emt 0:04:12]} 27. Qf6 {[%emt 0:02:13]} Rxe3 {[%emt 0:00:05]} 28. Qxf7+ {[%emt 0:00:05]} Kh8 29. Qf6+ {[%emt 0:09:45]} Kg8 {[%emt 0:00:03]} 30. Qf7+ {[%emt 0:00:05]} Kh8 1/2-1/2

[Event "Commonwealth Open 2019"]
[Site "Delhi"]
[Date "2019.07.02"]
[Round "4.5"]
[White "Krishna, C R G"]
[Black "Ajay Karthikeyan"]
[Result "1/2-1/2"]
[WhiteElo "2481"]
[BlackElo "2216"]
[Annotator "ChessBase"]
[PlyCount "61"]
[EventDate "2019.06.30"]
[EventType "swiss"]
[EventCountry "IND"]
[SourceTitle "playchess.com"]
[Source "ChessBase"]
[SourceQuality "1"]
[TimeControl "5400+30"]

1. d4 {[%emt 0:00:00]} Nf6 {[%emt 0:07:53]} 2. Nf3 {[%emt 0:00:00]} g6 {[%emt 0:00:05]} 3. b4 {[%emt 0:00:00]} Bg7 {[%emt 0:00:29]} 4. Bb2 {[%emt 0:00:03]} O-O {[%emt 0:01:13]} 5. g3 {[%emt 0:00:03]} b6 {[%emt 0:03:49]} 6. Bg2 {[%emt 0:00:10]} Bb7 {[%emt 0:00:01]} 7. O-O {[%emt 0:00:19]} d6 {[%emt 0:00:39]} 8. c4 {[%emt 0:02:54]} Nbd7 {[%emt 0:00:30]} 9. Qc2 {[%emt 0:03:25]} Re8 {[%emt 0:07:17]} 10. Rd1 {[%emt 0:01:28]} c5 {[%emt 0:11:05]} 11. bxc5 {[%emt 0:24:42]} bxc5 {[%emt 0:00:48]} 12. d5 {[%emt 0:00:02]} Rb8 {[%emt 0:00:32]} 13. Nbd2 {[%emt 0:01:56]} e6 {[%emt 0:06:50]} 14. dxe6 {[%emt 0:05:35]} Rxe6 {[%emt 0:03:17]} 15. e3 {[%emt 0:12:45]} h6 {[%emt 0:02:28]} 16. Rab1 {[%emt 0:03:44]} Nb6 {[%emt 0:08:12]} 17. Bc3 {[%emt 0:07:05]} Qe8 {[%emt 0:03:46]} 18. Ne1 {[%emt 0:11:39]} Bc6 {[%emt 0:08:30]} 19. Rdc1 {[%emt 0:05:21]} Ne4 {[%emt 0:04:36]} 20. Bxg7 {[%emt 0:05:45]} Kxg7 {[%emt 0:00:33]} 21. Nd3 {[%emt 0:00:38]} Nxd2 {[%emt 0:01:46]} 22. Bxc6 {[%emt 0:03:12]} Qxc6 {[%emt 0:00:02]} 23. Qxd2 {[%emt 0:00:01]} g5 {[%emt 0:07:19]} 24. Rb3 {[%emt 0:00:26]} f6 {[%emt 0:02:04]} 25. Ne1 {[%emt 0:01:13]} Rd8 {[%emt 0:04:27]} 26. Qe2 {[%emt 0:03:36]} d5 {[%emt 0:04:51]} 27. cxd5 {[%emt 0:00:08]} Rxd5 {[%emt 0:00:44]} 28. Nd3 {[%emt 0:05:25]} Qd6 {[%emt 0:01:29]} 29. Nb2 {[%emt 0:00:02]} Rd2 {[%emt 0:00:46]} 30. Qf3 {[%emt 0:00:01]} Re7 {[%emt 0:00:25]} 31. Nc4 {[%emt 0:02:48]} 1/2-1/2

[Event "Commonwealth Open 2019"]
[Site "Delhi"]
[Date "2019.07.02"]
[Round "4.6"]
[White "Rathnakaran, K.."]
[Black "Kunte, Abhijit"]
[Result "1/2-1/2"]
[WhiteElo "2338"]
[BlackElo "2478"]
[Annotator "ChessBase"]
[PlyCount "60"]
[EventDate "2019.06.30"]
[EventType "swiss"]
[EventCountry "IND"]
[SourceTitle "playchess.com"]
[Source "ChessBase"]
[SourceQuality "1"]
[TimeControl "5400+30"]

1. e4 {[%emt 0:00:00]} e5 {[%emt 0:00:00]} 2. Nf3 {[%emt 0:00:00]} Nc6 {[%emt 0:00:00]} 3. Bb5 {[%emt 0:00:00]} a6 {[%emt 0:00:14]} 4. Ba4 {[%emt 0:00:00]} Nf6 {[%emt 0:00:07]} 5. Qe2 {[%emt 0:00:04]} b5 {[%emt 0:02:05]} 6. Bb3 {[%emt 0:00:07]} Be7 {[%emt 0:00:04]} 7. c3 {[%emt 0:00:09]} d6 {[%emt 0:01:21]} 8. d3 {[%emt 0:00:12]} O-O {[%emt 0:04:04]} 9. Nbd2 {[%emt 0:00:06]} Be6 {[%emt 0:06:18]} 10. Bxe6 {[%emt 0:00:39]} fxe6 {[%emt 0:00:07]} 11. Nf1 {[%emt 0:00:04]} Nh5 {[%emt 0:02:37]} 12. Ng5 {[%emt 0:04:15]} Bxg5 {[%emt 0:08:07]} 13. Qxh5 {[%emt 0:00:15]} Bxc1 {[%emt 0:00:14]} 14. Rxc1 {[%emt 0:00:06]} Qe8 {[%emt 0:00:39]} 15. Qxe8 {[%emt 0:00:06]} Raxe8 {[%emt 0:00:13]} 16. Ne3 {[%emt 0:00:10]} Ne7 {[%emt 0:00:37]} 17. Ke2 {[%emt 0:00:20]} c5 {[%emt 0:00:07]} 18. Rhf1 {[%emt 0:00:13]} Nc6 {[%emt 0:00:37]} 19. g3 {[%emt 0:00:06]} g5 {[%emt 0:00:49]} 20. Ng2 {[%emt 0:00:06]} Rf6 {[%emt 0:00:26]} 21. h4 {[%emt 0:00:08]} h6 {[%emt 0:00:28]} 22. hxg5 {[%emt 0:00:05]} hxg5 {[%emt 0:00:03]} 23. Ne3 {[%emt 0:00:06]} Kg7 {[%emt 0:00:09]} 24. Rh1 {[%emt 0:00:08]} Rh6 {[%emt 0:00:29]} 25. Rxh6 {[%emt 0:00:08]} Kxh6 {[%emt 0:00:04]} 26. Rh1+ {[%emt 0:00:05]} Kg7 {[%emt 0:00:04]} 27. Rh5 {[%emt 0:00:06]} Kg6 {[%emt 0:00:05]} 28. Rh1 {[%emt 0:00:02]} Kg7 {[%emt 0:00:06]} 29. Rh5 {[%emt 0:00:03]} Kg6 {[%emt 0:00:05]} 30. Rh1 {[%emt 0:00:04]} Kg7 1/2-1/2

[Event "Commonwealth Open 2019"]
[Site "Delhi"]
[Date "2019.07.02"]
[Round "4.7"]
[White "Saravana, Krishnan P."]
[Black "Karthikeyan, P.."]
[Result "1-0"]
[WhiteElo "2290"]
[BlackElo "2445"]
[Annotator "NA"]
[PlyCount "109"]
[EventDate "2019.06.30"]
[EventType "swiss"]
[EventCountry "IND"]
[SourceTitle "playchess.com"]
[Source "ChessBase"]
[SourceQuality "1"]
[TimeControl "5400+30"]

1. e4 {[%emt 0:00:00]} c6 {[%emt 0:00:00]} 2. d4 {[%emt 0:00:02]} d5 {[%emt 0:00:21]} 3. exd5 {[%emt 0:00:50]} cxd5 {[%emt 0:00:09]} 4. Bf4 {[%emt 0:00:05]} Nc6 {[%emt 0:00:27]} 5. c3 {[%emt 0:00:17]} Nf6 {[%emt 0:01:23]} 6. Nd2 {[%emt 0:00:25]} a6 {[%emt 0:04:31]} 7. Be2 {[%emt 0:06:07]} Bf5 {[%emt 0:01:27]} 8. Ngf3 {[%emt 0:02:45]} e6 {[%emt 0:00:30]} 9. O-O {[%emt 0:04:39]} Be7 {[%emt 0:00:38]} 10. Ne5 {[%emt 0:03:16]} Nxe5 {[%emt 0:00:56]} 11. Bxe5 {[%emt 0:02:15]} O-O {[%emt 0:00:20]} 12. Qb3 {[%emt 0:01:44]} Nd7 {[%emt 0:03:14]} 13. Bg3 {[%emt 0:02:10]} Qb6 {[%emt 0:17:21]} 14. Rfe1 {[%emt 0:00:23]} Rfc8 {[%emt 0:02:26]} 15. Bf3 {[%emt 0:12:58]} Bg5 {[%emt 0:06:05]} 16. Nf1 {[%emt 0:01:14]} Qc6 {[%emt 0:03:33]} 17. h4 {[%emt 0:03:24]} Bh6 {[%emt 0:01:55]} 18. Be2 {[%emt 0:04:08]} Kh8 {[%emt 0:03:25]} 19. Bh2 {[%emt 0:02:03]} e5 {[%emt 0:24:24]} 20. dxe5 {[%emt 0:09:13]} Nc5 {[%emt 0:01:56]} 21. Qd1 {[%emt 0:00:24]} g6 {[%emt 0:01:48]} 22. g4 {[%emt 0:10:09]} Be6 {[%emt 0:01:39]} 23. g5 {[%emt 0:05:50]} Bf8 {[%emt 0:01:15]} 24. Bf3 {[%emt 0:01:50]} Qb6 {[%emt 0:06:40]} 25. Re2 {[%emt 0:01:21]} Rd8 {[%emt 0:03:13]} 26. Bf4 {[%emt 0:01:23]} Ne4 {[%emt 0:03:47]} 27. Be3 {[%emt 0:00:14]} Qc7 {[%emt 0:01:42]} 28. Nh2 {[%emt 0:02:45]} Bg7 {[%emt 0:00:30]} 29. Bd4 {[%emt 0:01:35]} Kg8 {[%emt 0:01:38]} 30. Bg4 {[%emt 0:00:59]} Qe7 {[%emt 0:03:05]} 31. Kg2 {[%emt 0:02:21]} h5 {[%emt 0:01:08]} 32. Bxe6 {[%emt 0:00:51]} fxe6 {[%emt 0:00:39]} 33. Qd3 {[%emt 0:00:57]} Kh7 {[%emt 0:02:45]} 34. b4 {[%emt 0:00:07]} b6 {[%emt 0:01:29]} 35. f3 {[%emt 0:00:24]} Nc5 {[%emt 0:00:05]} 36. bxc5 {[%emt 0:00:05]} bxc5 {[%emt 0:00:03]} 37. Bf2 {[%emt 0:00:14]} Rab8 {[%emt 0:00:21]} 38. Nf1 {[%emt 0:00:48]} Rf8 {[%emt 0:00:27]} 39. Bg3 {[%emt 0:01:02]} c4 {[%emt 0:00:40]} 40. Qc2 {[%emt 0:00:42]} Qa3 {[%emt 0:00:33]} 41. Qc1 {[%emt 0:00:34]} Qa4 {[%emt 0:00:36]} 42. Nd2 {[%emt 0:00:24]} Rf7 {[%emt 0:00:34]} 43. f4 {[%emt 0:00:11]} Rfb7 {[%emt 0:00:27]} 44. Nf3 {[%emt 0:00:09]} Bf8 {[%emt 0:00:15]} 45. Nd4 {[%emt 0:00:28]} Ba3 {[%emt 0:00:17]} 46. Qd1 {[%emt 0:00:17]} Qa5 {[%emt 0:00:35]} 47. Be1 {[%emt 0:01:53]} Rb6 {[%emt 0:00:16]} 48. Rc2 {[%emt 0:02:40]} Kg7 {[%emt 0:00:26]} 49. f5 {[%emt 0:00:24]} exf5 {[%emt 0:00:20]} 50. e6 {[%emt 0:00:46]} Kh7 {[%emt 0:00:20]} 51. Bg3 {[%emt 0:00:12]} Re8 {[%emt 0:00:08]} 52. Qf3 {[%emt 0:00:15]} Rb2 {[%emt 0:00:32]} 53. Re1 {[%emt 0:00:56]} Rxc2+ {[%emt 0:00:19]} 54. Nxc2 {[%emt 0:00:06]} Bb2 {[%emt 0:00:02]} 55. Nb4 {[%emt 0:00:21]} 1-0

[Event "Commonwealth Open 2019"]
[Site "Delhi"]
[Date "2019.07.02"]
[Round "4.8"]
[White "Laxman, R.R."]
[Black "Vaishali, R."]
[Result "1-0"]
[WhiteElo "2437"]
[BlackElo "2338"]
[Annotator "NA"]
[PlyCount "85"]
[EventDate "2019.06.30"]
[EventType "swiss"]
[EventCountry "IND"]
[SourceTitle "playchess.com"]
[Source "ChessBase"]
[SourceQuality "1"]
[TimeControl "5400+30"]

1. d4 {[%emt 0:00:00]} Nf6 {[%emt 0:00:07]} 2. Nf3 {[%emt 0:00:00]} c5 {[%emt 0:00:17]} 3. d5 {[%emt 0:00:00]} g6 {[%emt 0:00:20]} 4. Nc3 {[%emt 0:00:00]} Bg7 {[%emt 0:00:06]} 5. e4 {[%emt 0:02:26]} d6 {[%emt 0:00:06]} 6. Bb5+ {[%emt 0:00:32]} Bd7 {[%emt 0:00:08]} 7. a4 {[%emt 0:00:15]} O-O {[%emt 0:00:13]} 8. h3 {[%emt 0:02:40]} Bxb5 {[%emt 0:01:33]} 9. axb5 {[%emt 0:04:30]} Nbd7 {[%emt 0:00:05]} 10. O-O {[%emt 0:00:18]} Nb6 {[%emt 0:01:05]} 11. Bf4 {[%emt 0:09:31]} Ne8 {[%emt 0:11:54]} 12. Qd2 {[%emt 0:03:41]} Nc7 {[%emt 0:10:48]} 13. Bh6 {[%emt 0:00:44]} Qd7 {[%emt 0:02:29]} 14. Bxg7 {[%emt 0:00:49]} Kxg7 {[%emt 0:00:03]} 15. Qd3 {[%emt 0:01:21]} Rfe8 {[%emt 0:13:06]} 16. Rfd1 {[%emt 0:01:59]} Red8 {[%emt 0:11:37]} 17. Nh2 {[%emt 0:03:53]} e6 {[%emt 0:08:44]} 18. Ng4 {[%emt 0:01:04]} h5 {[%emt 0:01:55]} 19. dxe6 {[%emt 0:03:16]} Nxe6 {[%emt 0:04:17]} 20. Ne3 {[%emt 0:02:30]} Nd4 21. Ra5 {[%emt 0:00:34]} Re8 {[%emt 0:12:20]} 22. Rda1 {[%emt 0:04:15]} Re5 {[%emt 0:02:15]} 23. f4 {[%emt 0:03:24]} Ree8 {[%emt 0:01:01]} 24. f5 {[%emt 0:00:30]} Qe7 {[%emt 0:03:27]} 25. Ned5 {[%emt 0:04:24]} Nxd5 {[%emt 0:03:58]} 26. Nxd5 {[%emt 0:00:02]} Qxe4 {[%emt 0:01:32]} 27. f6+ {[%emt 0:00:04]} Kh7 {[%emt 0:00:28]} 28. Qxe4 {[%emt 0:00:05]} Rxe4 {[%emt 0:00:04]} 29. Rxa7 {[%emt 0:00:44]} Rxa7 {[%emt 0:06:14]} 30. Rxa7 {[%emt 0:00:08]} Re1+ {[%emt 0:00:26]} 31. Kf2 {[%emt 0:00:23]} Re2+ {[%emt 0:00:21]} 32. Kf1 {[%emt 0:00:07]} Rxc2 {[%emt 0:00:24]} 33. Rxb7 {[%emt 0:00:02]} Kg8 {[%emt 0:02:44]} 34. b6 {[%emt 0:01:48]} Rxb2 {[%emt 0:00:55]} 35. Rb8+ {[%emt 0:01:13]} Kh7 {[%emt 0:00:01]} 36. Rf8 {[%emt 0:00:13]} c4 {[%emt 0:01:04]} 37. Rxf7+ {[%emt 0:00:05]} Kh6 {[%emt 0:00:04]} 38. Rc7 {[%emt 0:00:52]} Rb5 {[%emt 0:00:48]} 39. b7 {[%emt 0:01:12]} Ne6 {[%emt 0:00:43]} 40. f7 {[%emt 0:00:33]} Rb1+ {[%emt 0:01:30]} 41. Kf2 {[%emt 0:00:06]} Rb2+ {[%emt 0:00:06]} 42. Kg1 {[%emt 0:00:13]} Kg7 {[%emt 0:00:25]} 43. f8=Q+ {[%emt 0:00:06]} 1-0

[Event "Commonwealth Open 2019"]
[Site "Delhi"]
[Date "2019.07.02"]
[Round "4.9"]
[White "Srihari L R"]
[Black "Narayanan.S.L"]
[Result "0-1"]
[WhiteElo "2200"]
[BlackElo "2603"]
[Annotator "ChessBase"]
[PlyCount "104"]
[EventDate "2019.06.30"]
[EventType "swiss"]
[EventCountry "IND"]
[SourceTitle "playchess.com"]
[Source "ChessBase"]
[SourceQuality "1"]
[TimeControl "5400+30"]

1. d4 {[%emt 0:00:00]} Nf6 {[%emt 0:00:00]} 2. c4 {[%emt 0:00:01]} e6 {[%emt 0:00:00]} 3. Nf3 {[%emt 0:00:04]} d5 {[%emt 0:00:00]} 4. Nc3 {[%emt 0:00:05]} dxc4 {[%emt 0:00:00]} 5. e3 {[%emt 0:01:56]} a6 {[%emt 0:00:00]} 6. a4 {[%emt 0:00:38]} b6 {[%emt 0:00:02]} 7. Bxc4 {[%emt 0:00:57]} Bb7 {[%emt 0:00:30]} 8. O-O {[%emt 0:01:31]} Bb4 {[%emt 0:00:08]} 9. Qe2 {[%emt 0:10:02]} Nbd7 {[%emt 0:02:29]} 10. Rd1 {[%emt 0:01:04]} O-O {[%emt 0:00:06]} 11. Bd2 {[%emt 0:09:56]} Qe7 {[%emt 0:05:27]} 12. Bd3 {[%emt 0:09:56]} c5 {[%emt 0:08:10]} 13. Ne5 {[%emt 0:05:03]} Rfd8 {[%emt 0:09:34]} 14. Rac1 {[%emt 0:18:35]} Qd6 {[%emt 0:23:12]} 15. f4 {[%emt 0:05:26]} cxd4 {[%emt 0:00:32]} 16. Nc4 {[%emt 0:05:51]} Qe7 {[%emt 0:03:00]} 17. exd4 {[%emt 0:00:11]} g6 {[%emt 0:00:24]} 18. Ne3 {[%emt 0:09:42]} Nh5 {[%emt 0:00:30]} 19. Nc2 {[%emt 0:01:15]} Bd6 {[%emt 0:01:04]} 20. Rf1 {[%emt 0:00:10]} Ndf6 {[%emt 0:01:18]} 21. Ne4 {[%emt 0:08:33]} Nxe4 {[%emt 0:01:21]} 22. Bxe4 {[%emt 0:00:01]} Bxe4 {[%emt 0:00:23]} 23. Qxe4 {[%emt 0:00:02]} Rac8 {[%emt 0:02:49]} 24. g3 {[%emt 0:03:33]} Nf6 {[%emt 0:02:35]} 25. Qe2 {[%emt 0:01:45]} Qb7 {[%emt 0:00:25]} 26. Ne3 {[%emt 0:00:14]} b5 {[%emt 0:05:26]} 27. axb5 {[%emt 0:01:17]} axb5 {[%emt 0:02:57]} 28. Rxc8 {[%emt 0:00:04]} Rxc8 {[%emt 0:00:08]} 29. Rc1 {[%emt 0:00:18]} Rd8 {[%emt 0:01:48]} 30. Ba5 {[%emt 0:03:06]} Rd7 {[%emt 0:02:02]} 31. Be1 {[%emt 0:03:38]} h5 {[%emt 0:06:35]} 32. Rd1 {[%emt 0:00:23]} Bb8 {[%emt 0:01:03]} 33. Bf2 {[%emt 0:00:38]} Ba7 {[%emt 0:00:17]} 34. Nc2 {[%emt 0:00:33]} b4 {[%emt 0:01:24]} 35. b3 {[%emt 0:00:25]} Nd5 {[%emt 0:04:33]} 36. Ra1 {[%emt 0:00:34]} Rc7 {[%emt 0:00:42]} 37. Ne3 {[%emt 0:00:30]} Bxd4 {[%emt 0:00:41]} 38. Nxd5 {[%emt 0:00:07]} Qxd5 {[%emt 0:00:06]} 39. Rd1 {[%emt 0:00:37]} Bxf2+ {[%emt 0:00:09]} 40. Kxf2 {[%emt 0:00:03]} Qxb3 {[%emt 0:00:38]} 41. Rd8+ {[%emt 0:00:08]} Kh7 {[%emt 0:00:06]} 42. Rh8+ {[%emt 0:00:05]} Kxh8 {[%emt 0:00:04]} 43. Qe5+ {[%emt 0:00:04]} Kg8 {[%emt 0:00:23]} 44. Qxc7 {[%emt 0:00:05]} Qb2+ {[%emt 0:00:43]} 45. Kg1 {[%emt 0:00:20]} b3 {[%emt 0:00:29]} 46. Qb8+ {[%emt 0:00:08]} Kg7 {[%emt 0:00:06]} 47. Qb4 {[%emt 0:00:50]} Qa1+ {[%emt 0:00:37]} 48. Kg2 {[%emt 0:00:05]} b2 {[%emt 0:00:15]} 49. Qd4+ {[%emt 0:00:03]} Kh7 {[%emt 0:00:07]} 50. Qf6 {[%emt 0:00:12]} b1=Q {[%emt 0:00:18]} 51. Qxf7+ {[%emt 0:00:06]} Qg7 {[%emt 0:00:04]} 52. Qxe6 {[%emt 0:00:07]} Qgb7+ {[%emt 0:00:20]} 0-1